000 00201 a2200097 4500
001 15996
100 _aSienko & plane
245 _aChemistry
260 _aTokyo
_bMcGraw-Hill
_c
090 _c12402
_d12402
942 _aNUST-CAE
_cM
_c2673
999 _c251069
_d251069